Statistics for Countries as Circles - Europe - Map Quiz

Click here to take the quiz!

General Stats

  • This quiz has been taken 146 times
  • The average score is 23 of 45

Answers on the Map

Answers color-coded by a green-red scale on the quiz's map according to % correct below.
 

Answer Stats

Answer% Correct
Spain
81%
Portugal
80%
France
66%
Italy
63%
Germany
61%
Monaco
58%
Andorra
57%
Denmark
57%
Luxembourg
56%
Malta
56%
Switzerland
56%
Vatican
56%
Austria
55%
Belgium
55%
Ireland
55%
Liechtenstein
55%
San Marino
54%
United Kingdom
54%
Poland
53%
Netherlands
52%
Iceland
51%
Slovenia
50%
Czech Republic
49%
Estonia
46%
Finland
46%
Slovakia
46%
Croatia
45%
Hungary
45%
Latvia
45%
Ukraine
44%
Lithuania
43%
Moldova
43%
Norway
43%
Russia
43%
Bulgaria
42%
Greece
42%
Sweden
42%
Belarus
41%
Serbia
41%
Albania
40%
Romania
40%
Bosnia and Herzegovina
39%
Kosovo
38%
North Macedonia
37%
Montenegro
36%

Score Distribution

Percentile by Number Answered

Percent of People with Each Score

Your Score History

You have not taken this quiz